MARC

LEADER 00000nam0a2200000 4500
001 295469
005 20231102000819.0
020 |a RU  |b 84-24447 
035 |a (RuTPU)RU\TPU\book\320547 
090 |a 295469 
100 |a 20150522d1984 km y0rusy5003 ca 
101 0 |a rus 
102 |a RU 
105 |a a z 101zy 
200 1 |a Проблемы метрологического обеспечения систем обработки измерительной информации  |e V всесоюзная конференция, 2-4 апреля 1984 г.  |e тезисы докладов  |f Всесоюзный научно-исследовательский институт физико-технических и радиотехнических измерений (ВНИИФТРИ) 
210 |a Москва  |c [Б. и.]  |d 1984 
215 |a 409 с.  |c ил. 
320 |a Библиография в конце статей 
606 1 |a Измерительные информационные системы  |2 stltpush  |3 (RuTPU)RU\TPU\subj\68091  |9 83629 
610 1 |a точность 
610 1 |a метрологическое обеспечение 
610 1 |a системы обработки 
610 1 |a интеллектуальные системы 
610 1 |a погрешности 
610 1 |a анализ 
610 1 |a структура 
610 1 |a качество 
610 1 |a пакеты прикладных программ 
610 1 |a статистические методы 
610 1 |a многокомпонентные системы 
610 1 |a конференции 
675 |a 681.518.3(063)  |z rus  |v 3 
712 0 2 |a Всесоюзный научно-исследовательский институт физико-технических и радиотехнических измерений (ВНИИФТРИ)  |c (п. Менделеево, Московская область)  |2 stltpush  |3 (RuTPU)RU\TPU\col\12883 
712 1 2 |a Проблемы метрологического обеспечения систем обработки измерительной информации  |c всесоюзная конференция  |d 5  |e Москва  |f 1984  |4 570 
801 0 |a RU  |b RuMRKP  |c 19950704  |g psbo 
801 1 |a RU  |b 63413507  |c 20150522 
801 2 |a RU  |b 63413507  |c 20181113  |g RCR 
942 |c BK